000
nam a22 7a 4500
999
_c
55182
_d
55182
003
OSt
005
20220809141022.0
008
220809b xxu||||| |||| 00| 0 eng d
040
_c
IIMT UNIVERSITY
100
_a
CLAYDEN,JOATHAN
245
_a
ORGANIC CHEMISTRY
250
_a
2ND
260
_a
UK
_b
OXFORD
_c
2021
300
_a
1234
942
_2
ddc
_c
01